000 01163nam a2200481Ia 4500
005 20250425162635.0
008 250425s9999 xx 000 0 und d
020 _a9786073205931
041 _aspa
043 _amx
082 _a658.15
100 _aBUDJAC CORVETTE, BARBARA A.
245 0 _aTÉCNICAS DE NEGOCIACIÓN Y RESOLUCIÓN DE CONFLICTOS
250 _a1A ED.
260 _aMéxico
_bPEARSON EDUCACION
_c2011
260 _aNAUCALPAN DE JUAREZ
300 _a328
650 _aCONFLICTOS
650 _aCONFLICTOS
650 _aCONFLICTOS
650 _aCONFLICTOS
650 _aCONFLICTOS
650 _aCONFLICTOS
650 _aCONFLICTOS
650 _aLIDERAZGO
650 _aLIDERAZGO
650 _aLIDERAZGO
650 _aLIDERAZGO
650 _aLIDERAZGO
650 _aLIDERAZGO
650 _aLIDERAZGO
650 _aNEGOCIACION
650 _aNEGOCIACION
650 _aNEGOCIACION
650 _aNEGOCIACION
650 _aNEGOCIACION
650 _aNEGOCIACION
650 _aNEGOCIACION
700 _aALBA RAMIREZ, VERONICA DEL CARMEN
_etraductor
710 _aS.A.
942 _c01
010 _a92755
999 _c233414
_d233414